MARC details
| 000 -CABECERA |
| campo de control de longitud fija |
01453cam a2200265 a 4500 |
| 001 - NÚMERO DE CONTROL |
| campo de control |
000013216 |
| 005 - FECHA Y HORA DE LA ÚLTIMA TRANSACCIÓN |
| campo de control |
20200929163152.0 |
| 008 - DATOS DE LONGITUD FIJA--INFORMACIÓN GENERAL |
| campo de control de longitud fija |
900919s1990 ck b f001 0dspa |
| 020 ## - NÚMERO INTERNACIONAL ESTÁNDAR DEL LIBRO |
| Número Internacional Estándar del Libro |
9586430006 (obra completa) |
| 040 ## - FUENTE DE LA CATALOGACIÓN |
| Centro catalogador/agencia de origen |
DO-SdBNP |
| Centro/agencia transcriptor |
spa |
| Centro/agencia modificador |
BNPHU |
| 245 00 - MENCIÓN DE TÍTULO |
| Título |
Causas y memorias de los conjurados del 25 de septiembre de 1828 / |
| Mención de responsabilidad, etc. |
introducción, María Isabel Perdomo Pardo, Germán Mejía Pavony. |
| 260 ## - PUBLICACIÓN, DISTRIBUCIÓN, ETC. |
| Lugar de publicación, distribución, etc. |
Bogotá : |
| Nombre del editor, distribuidor, etc. |
Fundación para la Conmemoración del Bicentenario del Natalicio y el Sesquicentenario de la Muerte del General Francisco de Paula Santander, |
| Fecha de publicación, distribución, etc. |
1990. |
| 300 ## - DESCRIPCIÓN FÍSICA |
| Extensión |
3 v. : |
| Otras características físicas |
map ; |
| Dimensiones |
24 cm. |
| 490 1# - MENCIÓN DE SERIE |
| Mención de serie |
Biblioteca de la Presidencia de la República. Documentos |
| Designación de volumen o secuencia |
no. 46-48 |
| 500 ## - NOTA GENERAL |
| Nota general |
Incluye notas al pie de las páginas. |
| 500 ## - NOTA GENERAL |
| Nota general |
Incluye índices |
| 651 #0 - PUNTO DE ACCESO ADICIONAL DE MATERIA--NOMBRE GEOGRÁFICO |
| Nombre geográfico |
Colombia |
| Subdivisión general |
Política Y Gobierno |
| Subdivisión cronológica |
1819-1831 |
| Subdivisión general |
Fuentes. |
| 9 (RLIN) |
30332 |
| 600 10 - PUNTO DE ACCESO ADICIONAL DE MATERIA--NOMBRE DE PERSONA |
| Nombre de persona |
Bolívar, Simón, |
| Fechas asociadas al nombre |
1783-1830 |
| Subdivisión general |
Intento de asesinato, 1828 |
| -- |
Fuentes. |
| 9 (RLIN) |
30333 |
| 600 10 - PUNTO DE ACCESO ADICIONAL DE MATERIA--NOMBRE DE PERSONA |
| Nombre de persona |
Santander, Francisco de Paula, |
| Fechas asociadas al nombre |
1792-1840. |
| 9 (RLIN) |
18039 |
| 650 #0 - PUNTO DE ACCESO ADICIONAL DE MATERIA--TÉRMINO DE MATERIA |
| Término de materia o nombre geográfico como elemento de entrada |
Conspiración |
| Subdivisión geográfica |
Colombia |
| Subdivisión general |
Historia |
| -- |
Fuentes. |
| 9 (RLIN) |
30334 |
| 700 1# - PUNTO DE ACCESO ADICIONAL--NOMBRE DE PERSONA |
| Nombre de persona |
Perdomo Pardo, María Isabel, |
| Término indicativo de función/relación |
introd. |
| 9 (RLIN) |
30335 |
| 700 1# - PUNTO DE ACCESO ADICIONAL--NOMBRE DE PERSONA |
| Nombre de persona |
Mejía Pavony, Germán, |
| Término indicativo de función/relación |
introd. |
| 9 (RLIN) |
30336 |
| 710 2# - PUNTO DE ACCESO ADICIONAL--NOMBRE DE ENTIDAD CORPORATIVA |
| Nombre de entidad corporativa o nombre de jurisdicción como elemento de entrada |
Fundación para la Conmemoración del Bicentenario del Natalicio y el Sesquicentenario de la Muerte del General Francisco de Paula Santander. |
| 9 (RLIN) |
18093 |
| 830 #0 - PUNTO DE ACCESO ADICIONAL DE SERIE-TÍTULO UNIFORME |
| Título uniforme |
Biblioteca de la Presidencia de la República. |
| Nombre de parte o sección de la obra |
Documentos ; |
| Designación de volumen o secuencia |
no. 46-48. |
| 9 (RLIN) |
30337 |